| 000 | 00491nam a2200193Ia 4500 | ||
|---|---|---|---|
| 003 | OSt | ||
| 005 | 20240605093323.0 | ||
| 008 | 210210b xxu||||| |||| 00| 0 eng d | ||
| 040 | _cAL | ||
| 041 | _aHindi | ||
| 082 | _a863/156 | ||
| 100 |
_aVIDHYALANKAR (C) _dविद्यालंकार सी _9169290 |
||
| 245 |
_aAshoka _bअशोका |
||
| 260 |
_aDilli _bRajpal & Sons |
||
| 650 |
_aAshoka _9169291 |
||
| 690 |
_aHindi Drama _9169292 |
||
| 906 | _a023533 | ||
| 942 |
_2ddc _cBK |
||
| 999 |
_c148503 _d148503 |
||